Statistics for Top 200 Boys' Names in France (2010)

Click here to take the quiz!

General Stats

  • This quiz has been taken 2,289 times
    (2,239 since last reset)
  • The average score is 38 of 200

Answer Stats

HintAnswer% Correct
89Jean
76%
25Paul
76%
58Pierre
70%
5Louis
69%
136Alex
65%
115Charles
64%
23Thomas
64%
100Luca
62%
4Léo
60%
105David
57%
2Lucas
52%
54Benjamin
50%
28Antoine
49%
69Nicolas
48%
43Samuel
48%
14Théo
48%
88William
48%
31Noa
47%
42Victor
47%
29Alexandre
46%
6Hugo
46%
122Kevin
46%
117Léon
45%
46Martin
45%
7Gabriel
43%
13Tom
43%
144Joseph
41%
1Nathan
41%
48Simon
41%
174Vincent
41%
65Julien
39%
10Jules
38%
56Liam
37%
22Adam
36%
12Arthur
36%
15Noah
35%
104Anthony
34%
8Ethan
32%
11Raphael
31%
138Guillaume
30%
159Jeremy
30%
191Justin
30%
68Mathieu
30%
19Maxime
30%
35Mohamed
30%
30Noé
30%
55Adrien
28%
134Matthieu
28%
91Timothe
28%
74Oscar
27%
39Quentin
27%
151Charlie
26%
160Isaac
26%
135Julian
26%
18Clément
25%
47Romain
25%
101Ryan
25%
37Alexis
24%
24Evan
24%
40Valentin
24%
33Baptiste
23%
168Félix
23%
98Florian
23%
137Joshua
23%
50Aaron
22%
163Ali
22%
186Damien
22%
3Enzo
22%
165Jordan
22%
113Yann
22%
62Dylan
21%
112Luka
20%
49Matteo
20%
126Elias
19%
187Lucien
19%
9Mathis
19%
27Axel
18%
67Bastien
17%
45Kylian
17%
83Mateo
17%
71Mathias
17%
148Rémi
17%
76Thibault
17%
190Ahmed
16%
121Eliot
16%
172Mae
16%
53Robin
16%
64Tristan
16%
141Loic
15%
34Maxence
15%
143Milo
15%
26Nolan
15%
108Camille
14%
72Corentin
14%
166Lukas
14%
21Mael
14%
73Marius
14%
164Owen
14%
140Tony
14%
32Sacha
13%
92Augustin
12%
182Bryan
12%
36Gabin
12%
153Gael
12%
66Gaspard
12%
63Rafael
12%
16Timeo
12%
20Yanis
12%
177Armand
11%
157Aurélien
11%
99Dorian
11%
139Johan
11%
123Morgan
11%
150Pablo
11%
38Rayan
11%
155Teo
11%
103Timothée
11%
81Antonin
10%
162Killian
10%
75Diego
9%
84Erwan
9%
44Esteban
9%
86Lilian
9%
111Nathanael
9%
192Romeo
9%
195Sami
9%
128Sasha
9%
174Thibaut
9%
70Eliott
8%
51Lorenzo
8%
80Mehdi
8%
82Nino
8%
78Noam
8%
59Titouan
8%
132Alban
7%
184Basile
7%
152Charly
7%
130Gaétan
7%
125Ibrahim
7%
97Ismael
7%
109Malo
7%
41Mathys
7%
107Ruben
7%
154Samy
7%
96Amaury
6%
60Amine
6%
147Amir
6%
79Ilan
6%
61Ilyes
6%
52Lenny
6%
85Louka
6%
181Milan
6%
57Nael
6%
114Sofiane
6%
87Tiago
6%
183Achille
5%
176Come
5%
77Kenzo
5%
129Léandre
5%
93Loan
5%
90Loris
5%
142Rayane
5%
145Youssef
5%
161Bilal
4%
188Djibril
4%
131Ewen
4%
94Kais
4%
169Kyllian
4%
149Mahe
4%
199Marceau
4%
196Melvin
4%
146Yacine
4%
116Yassine
4%
106Younes
4%
173Anas
3%
171Anis
3%
95Ayoub
3%
170Elouan
3%
133Hamza
3%
179Leandro
3%
119Leny
3%
194Marwan
3%
120Nassim
3%
102Soan
3%
198Walid
3%
110Wassim
3%
156Zakaria
3%
180Adem
2%
197Aymen
2%
178Fares
2%
185Ilian
2%
189Lohan
2%
158Naim
2%
118Noham
2%
124Nolann
2%
127Nolhan
2%
200Sohan
2%
167Ylan
2%
175Ewin
1%
17Mathio
1%

Score Distribution

Percentile by Number Answered

Percent of People with Each Score

Your Score History

You have not taken this quiz since the last reset